Determinanty rastu cien zlata na svetových trhoch
Stav svetových zásob zlata. Medzinárodné dohody o využití zlata pre menové účely. Špecifiká vlastníctva zlata vo fyzickej a dematerializovanej podobe. Vývoj svetových cien zlata. Korelácie cien komodít. Porovnanie vývoja cien zlata a ropy v roku 2007.
Salvato in:
| Autore principale: | |
|---|---|
| Natura: | Capitolo di libro |
| Lingua: | slovacco |
| Soggetti: | |
| Tags: |
Nessun Tag, puoi essere il primo ad aggiungerne!!
|
MARC
| LEADER | 00000naa$a2200000$$$4500 | ||
|---|---|---|---|
| 001 | 0077305 | ||
| 005 | 20240611113907.0 | ||
| 041 | 0 | |a slo | |
| 044 | |a SK | ||
| 245 | 1 | 0 | |a Determinanty rastu cien zlata na svetových trhoch |c Ľuboš Pavelka |
| 520 | |a Stav svetových zásob zlata. Medzinárodné dohody o využití zlata pre menové účely. Špecifiká vlastníctva zlata vo fyzickej a dematerializovanej podobe. Vývoj svetových cien zlata. Korelácie cien komodít. Porovnanie vývoja cien zlata a ropy v roku 2007. | ||
| 610 | 2 | 0 | |a cena zlata |
| 610 | 2 | 0 | |a trh svetový |
| 610 | 2 | 0 | |a marketing medzinárodný |
| 610 | 2 | 0 | |a rezervy devízové |
| 610 | 2 | 0 | |a štandard zlatý |
| 610 | 2 | 0 | |a komodity |
| 610 | 2 | 0 | |a hospodárstvo svetové |
| 100 | 1 | |a Pavelka, Ľuboš, 1962- | |